Statistics for Sights to city

Click here to take the quiz!

General Stats

  • This quiz has been taken 21 times
  • The average score is 17 of 23

Answer Stats

Monument City % Correct
Buckingham PalaceLondon
100%
Eiffel TowerParis
100%
KremlinMoscow
100%
Anne Frank HouseAmsterdam
95%
Christ the RedeemerRio de Janeiro
95%
AlcatrazSan Francisco
90%
Little MermaidCopenhagen
90%
Brandenburg GateBerlin
90%
Forbidden CityBeijing
90%
Burj KhalifaDubai
85%
CN TowerToronto
85%
Walk of FameLos Angeles
80%
Taj MahalAgra
80%
Space NeedleSeattle
80%
Great SphinxGiza
80%
Liberty BellPhiladelphia
80%
Hagia SophiaIstanbul
80%
PantheonRome
75%
Statue of LibertyNew York City
65%
AntoniumBrussels
45%
Angkor WatSiem Reap
20%
SentosaSingapore
10%
Zuma RockAbuja
0%

Score Distribution

Percentile by Number Answered

Percent of People with Each Score

Your Score History

You have not taken this quiz